00680nam a2200181Ia 4500008004100000020001800041040001800059041000800077100001900085245012700104260009500231300001800326504002800344650003800372650001700410650005700427650001400484130821s2009 xxu gr eng  a9780807859698 aCo-BoUCMbspa00aeng1 aMazzei, Julie.10aDeath squads or self-defense forces? how paramilitary groups emerge and threaten democracy in Latin AmericacJulie Mazzei aChapel Hill (Carolina del Norte, Estados Unidos)bUniversity of North Carolina Pressc2009 a261 páginas aIncluye bibliografía.04aParamilitarismozAmérica Latina04aSociología04aTerrorismoxPrevención y controlzAmérica Latina04aViolencia